|
|
|
|
| LEADER |
01641nam a2200385 a 4500 |
| 001 |
000744352 |
| 003 |
CZ BrMZK |
| 005 |
20060328083924.0 |
| 007 |
ta |
| 008 |
041019s2004 xr a er 001 0 cze d |
| 015 |
|
|
|a cnb001446897
|
| 020 |
|
|
|a 80-7209-610-9
|q (kroužková vazba)
|
| 035 |
|
|
|a (OCoLC)85121224
|
| 040 |
|
|
|a BOA001
|b cze
|
| 041 |
1 |
|
|a cze
|h eng
|
| 072 |
|
7 |
|a 003
|x Systémy psaní a písma
|2 Konspekt
|9 11
|
| 080 |
|
|
|a 003.077
|2 MRF
|
| 080 |
|
|
|a (035)
|2 MRF
|
| 100 |
1 |
|
|a Harris, David,
|d 1929-
|7 mzk2004252283
|4 aut
|
| 245 |
1 |
0 |
|a Kaligrafie :
|b 100 úplných abeced : podrobný a přehledný průvodce pro každého, kdo by se rád naučil umění krásného psaní /
|c David Harris ; spoluautorky Mary Nobleová, Janet Mehiganová ; [z anglického originálu ... přeložila Klára Ježková]
|
| 250 |
|
|
|a Vyd. 1.
|
| 260 |
|
|
|a Praha :
|b Slovart,
|c 2004
|
| 300 |
|
|
|a 256 s. :
|b barev. il. ;
|c 21 cm
|
| 500 |
|
|
|a Terminologický slovník
|
| 500 |
|
|
|a Obsahuje rejstřík
|
| 650 |
0 |
7 |
|a kaligrafie
|7 ph121398
|2 czenas
|
| 655 |
|
7 |
|a příručky
|7 fd133209
|2 czenas
|
| 700 |
1 |
|
|a Noble, Mary,
|d 1948-
|7 mzk2004252284
|4 aut
|
| 765 |
0 |
|
|t Calligrapher's bible
|9 Česky
|
| 700 |
1 |
|
|a Mehigan, Janet,
|d 1943-
|7 mzk2004252285
|4 aut
|
| 856 |
4 |
1 |
|u http://www.digitalniknihovna.cz/mzk/uuid/uuid:9bd6f570-ecd6-11e4-9f58-005056827e52
|y Digitalizovaný dokument
|x NDK
|
| 910 |
|
|
|a BOA001
|b 2-1141.154
|
| 990 |
|
|
|a BK
|
| 996 |
6 |
|
|b 2610230322
|c 2-1141.154
|l MZK
|r Sklad / do 1 hodiny
|n 28
|p p.v.
|w 000744352
|u 000010
|a 1
|e BOA001
|j MZK50
|s P
|
| 996 |
7 |
|
|b 2610230323
|c 2-1141.154
|l Vol.výběr
|r VV 0p
|n 86
|p kup
|h 002/003 HAR
|w 000744352
|u 000020
|a 0
|e BOA001
|j MZK50
|s A
|